000
00310 a2200109 4500
001
ART_26201
005
20260410161936.0
008
260409a
245
1
0
_a
La energía y la teoría del crecimiento
100
1
_a
Díaz, Darío Ezequiel
773
0
_t
SaberEs
_g
- Nº 2 (jun. 2010)
_w
REV26089
999
_c
29093
_d
29093